Nazionali della CFU - Statistics

Statistiche generali
  • Questo quiz è stato fatto 5 volte
  • Il punteggio medio è 19 su 31
Statistiche sulle risposte
Nazionale % Corretto
Antigua e Barbuda
100%
Bahamas
100%
Barbados
100%
Cuba
100%
Dominica
100%
Grenada
100%
Haiti
100%
Repubblica Dominicana
100%
Saint Kitts e Nevis
100%
Saint Lucia
100%
Saint Vincent e Grenadine
100%
Trinidad e Tobago
100%
Giamaica
80%
Guyana
60%
Suriname
60%
Anguilla
40%
Aruba
40%
Bermuda
40%
Bonaire
40%
Curaçao
40%
Guyana Francese
40%
Isole Vergini americane
40%
Isole Vergini britanniche
40%
Saint Martin
40%
Guadalupa
20%
Isole Cayman
20%
Martinica
20%
Montserrat
20%
Puerto Rico
20%
Sint Maarten
20%
Turks e Caicos
20%
Nessun quiz corrispondente trovato
Distribuzione punteggi
Percentuale di utenti per punteggio
Percentile per numero di risposta
I tuoi punteggi nel tempo
Non hai fatto questo quiz